000 00432nam a22001697a 4500
003 CEME
005 20210628205757.0
008 210316b xxu||||| |||| 00| 0 eng d
040 _c.
082 _a891.4393 QAS
100 _aAhmed Nadeen Qasmi Qasmi, Ahmed Nadeen
_976996
245 _aGhar say ghar tak afsanay
260 _aLAHORE
_bASATEER
_c1995
300 _a182P
650 _aURDU ADAB-FICTIONS
_965572
942 _cBK
_2ddc
999 _c582312
_d582312